000 01680nam a2200241Ia 4500
008 260220t1961||||xx |||||||||||||| ||spa||
040 _aPY-SlUNAC
_bspa
_erda
041 _aspa
082 _a591
_bG163z
100 _aGallardo, Angel
_eAutor
245 0 _aZoología /
_cpor Angel Gallardo [Autor]
264 _aBuenos Aires :
_bAngel Estrada,
_c℗1961.
300 _a1 volumen
520 _aEl libro "Zoología" de Ángel Gallardo, publicado en 1961, constituye una obra fundamental en el ámbito de la biología animal, abordando de manera sistemática y detallada la clasificación, estructura y funciones de los organismos animales. Gallardo, reconocido por su enfoque pedagógico, presenta conceptos esenciales sobre la diversidad de especies, su anatomía y fisiología, así como su comportamiento y ecología. El texto se organiza en secciones que facilitan la comprensión de los diferentes grupos de animales, desde los más simples hasta los más complejos, destacando la importancia de la evolución en la formación de las especies. Además, incluye ilustraciones que complementan la información teórica, facilitando el aprendizaje visual. A través de un lenguaje claro y accesible, el autor busca no solo informar, sino también despertar el interés por el estudio de la zoología, convirtiendo esta obra en un recurso valioso tanto para estudiantes como para profesionales en el campo de las ciencias biológicas.
653 _aBiología
653 _aFauna
653 _aZoología
942 _b2026/02/17
_cBK
999 _c8324
_d8324